000 00306nam a2200109Ia 4500
008 220216s9999 xx 000 0 und d
245 0 _aRRIM 700 series clones trials (Second and third selections) : Fourth report
260 _bPlanters Bulletin
_c1971
300 _a210-213
650 _aGrowth
942 _cJS
999 _c67334
_d67334